| 000 | 00336nam a2200133 a 4500 | ||
|---|---|---|---|
| 001 | 5009 | ||
| 003 | CDMR | ||
| 005 | 20130116135303.0 | ||
| 008 | 130130s1987||||||||||||||||||||||||||||d | ||
| 040 |
_aCDMR _bcat _cCPC GIRONA |
||
| 245 | 3 | _aLa ciència i les fronteres del coneixement | |
| 260 |
_c1987 _bCentre UNESCO de Catalunya |
||
| 942 | _cMON | ||
| 999 |
_c5009 _d5009 |
||